Регионална библиотека "Любен Каравелов" - Русе

Наука и творчество (Запис номер 130626)

MARC детайли
000 -Лидер
Контролно поле с фиксирана дължина nam a22 a 4500
003 - Код на организацията, давaща контролен номер
Контролно поле BLK
005 - Дата и час на последна редакция
Контролно поле 20221025090846.0
008 - Елементи от данни с фиксирана дължина
fixed length control field 180409b bul|||||r ||||||| ||bul||
010 ## - Наследен системен номер
LC control number KNG00136394000
040 ## - Източник на каталожния запис
Идентификатор на билиотеката - собственик на записа BLK
041 ## - Код за език
Код за езика на текст/звукозапис или на отделно заглавие Български
Код за езика КДБФ Български
080 ## - УДК
Текстов определител УДК Наука. Наукознание. Организация на умствения труд
УДК код - определител по УДК 001
УДК - код + определител 001
100 1# - Редна дума - Автор
Автор Гиргинов, Гиргин Ганчев
Авторска отговорност първи автор
R(LIN) 322303
139 ## - Редно поле
Редна дума Гиргинов, Гиргин
Авторски знак Гир - Г 50
245 10 - Сведения за заглавието
Заглавие Наука и творчество
Подзаглавни данни Изследване
Редно поле (дума) Гиргин Ганчев Гиргинов.
257 ## - Страна на издаване
Страна на създаване/издаване България
260 ## - Област на издателските данни
Място на издаване, разпространение и проч. София
Име на издателя, разпространителя и проч. Партиздат
Година на издаване 1975
300 ## - Физическа характеристика
Страници 344 с.
Размери/Мащаб 21 см
380 ## - Жанр
Жанр Общ отдел
500 ## - Общи забележки
Забележка Изд. на Инст. за съвременни соц. теории при президиума на БАН. - 1 610 тир. - Библиогр. под линия ; Рез. на рус. и нем. ез.
650 #4 - Допълнително описание по предмет – тема
Основно описание – тема или топоним Наука
9 (RLIN) 163554
650 #4 - Допълнително описание по предмет – тема
Основно описание – тема или топоним Творчество
9 (RLIN) 173209
653 ## - Ключова дума – ненормативна
Ключова дума наука
653 ## - Ключова дума – ненормативна
Ключова дума творчество
852 ## - Местоположение
Форматна сигнатура Цб 76281
856 4# - Електронен адрес и достъп
Електронен формат pdf - файл
Инструкция (цена за достъп) 0.00
Права за достъп disable
856 4# - Електронен адрес и достъп
Електронен формат pdf - файл
Инструкция (цена за достъп) 0.00
Права за достъп disable
999 ## - СИСТЕМНИ КОНТРОЛНИ НОМЕРА
Koha biblionumber 130626
Koha biblioitemnumber 130626
942 ## - АРТИКУЛИ
Вид на библиотечния материал Книги
Скрит в OPAC Не
Периодичен библиозапис Да
944 ## - СЪЗДАВАНЕ И РЕДАКЦИЯ на ЗАПИСА
Създаване/Редакция Създаване
Дата на регистрацията/редакция 22.11.2012
Статус, дата на статуса 22.11.2012 - от С1,Р / 22.11.2012
Служител, извършил регистрацията/редакцията Радостина_Карадакова
944 ## - СЪЗДАВАНЕ И РЕДАКЦИЯ на ЗАПИСА
Създаване/Редакция Редакция
Дата на регистрацията/редакция 22.11.2012
Статус, дата на статуса 22.11.2012 - от С1,Р / 22.11.2012
999 ## - СИСТЕМНИ КОНТРОЛНИ НОМЕРА
Koha biblioitemnumber 130626
Наличности
Код за отписване Код за изгубен артикул Източник на класификационната схема Код за повреда Коз за рестрикции Код за отдаване Артикулен № Име на библиотеката - собственик Име на библиотеката, в която се намира в момента Статус (Текущо местоположение) Дата на вписване в системата Местоположение - отдел Цена в лева Инвентарен номер Систематично азбучна сигнатура Баркод Номер на екземпляра Цена в евро Служебна бележка Служебен тип на артикула
  Не е изгубен Universal Decimal Classification Не е повреден само за читалня ползва се в читалня 212557 Регионална библиотека "Любен Каравелов" Русе Регионална библиотека "Любен Каравелов" Русе Хранилище 1975-01-01 Хранилище 1.81 185792 Цб 76281 120000185792 1 0.93 Дата: 01.01.1975 Книги
Изтеглен Не е изгубен Universal Decimal Classification Не е повреден без рестрикции заемане за дома 212558 Регионална библиотека "Любен Каравелов" Русе Регионална библиотека "Любен Каравелов" Русе Заемна - подръчен фонд 1975-01-01 Заемна - подръчен фонд 1.00 186209 П 001/Г 50 186209 2 0.51 Дата: 01.01.1975 Дата инв: 01.02.2018 Бележки инв: П2018 Книги
Vip Innovations Ltd, Rousse, Bulgaria 2025